Λαϊκή τέχνη

Αποθηκεύτηκε σε:
Λεπτομέρειες βιβλιογραφικής εγγραφής
Κύριος συγγραφέας: Ζώρα, Πόπη
Μορφή: Βιβλίο
Γλώσσα:Greek
Δημοσίευση: Αθήνα : Εκδοτική Αθηνών, 1994
Σειρά:Ελληνική τέχνη
Θέματα:
Ετικέτες: Προσθήκη ετικέτας
Δεν υπάρχουν, Καταχωρήστε ετικέτα πρώτοι!

MARC

LEADER 00000cam a2200000 i 4500
001 1/99554
008 970120s1994 gr | ||| |||| | gre d
020 |a 960213299X 
035 |l 10102508 
035 |l 10017337 
040 |a GR-MY-UA  |b gre  |e aacr 
041 0 |a gre 
082 7 |a 745.09495   |2 (22) 
082 0 |a Π 700.495 
100 1 |a Ζώρα, Πόπη. 
245 1 0 |a Λαϊκή τέχνη /   |c Πόπη Ζώρα.  
260 |a Αθήνα :   |b Εκδοτική Αθηνών,   |c 1994 
300 |a 264 σ. :   |b έγχρ. εικ. ;   |c 29 εκ. 
490 1 |a (Ελληνική τέχνη / Εκδοτική Αθηνών) 
504 |a Βιβλιογραφία: σ. 253-255. 
650 0 0 |a Folk art  |z Greece. 
650 0 0 |a Decorative arts  |z Greece. 
650 0 0 |a Costume  |z Greece. 
650 0 0 |a Textile fabrics  |z Greece. 
650 0 0 |a Art, Greek. 
650 0 0 |a Art  |z Greece. 
830 0 |a Ελληνική τέχνη 
852 |a INST  |b LEMNOS  |e 20100326  |h 709.495 ΖΩΡ  |p 005600000198  |q 005600000198  |t REF  |y 23 
852 |a INST  |b LESVOS  |e 19970120  |h 700.495 ΖΩΡ  |p 005100012326  |q 005100012326  |t REF  |y 23 
852 |a INST  |b RHODES  |e 19980605  |h 700.495 ΖΩΡ  |p 005400006271  |q 005400006271  |t REF  |y 23 
852 |a INST  |b SYROS  |e 20081216  |h 745.09495 ΖΩΡ  |p 005500008821  |q 005500008821  |t BK  |y 0 
901 |a BIBL5-2008-3 
901 |a BIBL-1998-2 
901 |a BIBL6-2010-1 
922 |a 5ΕΛΗ  |b 200711  |c ΕΠΕΑΕΚ2/ΤΜΣΠΣ  |d Σ. ΠΑΤΑΚΗΣ 
922 |a 4ΕΛΗ  |b 199802  |c ΚΠΣ/Ν  |d EMVASIS 
922 |a 6ΕΛΗ  |b 200911  |c ΤΑΚ/ΤΕΤΔ  |d BEST BOOK HUNTERS 
950 |a 147-1996-11-26 
970 |a ΚΑΓΙΑΒΑ  |b ΕΙΡΗΝΗ  |z 2008/12/16